000 00533nam a2200229Ia 4500
003 OSt
005 20221005115154.0
006 a|||||r|||| 00| 0
007 ta
008 221004b |||||||| |||| 00| 0 eng d
024 _a51215
037 _cTextual
040 _aCRL
_cCRL
_beng
041 _2eng
_aeng
082 _aQ4, J51
100 _aHumphreys Christmas
245 0 _aBuddhism
260 _c1955
650 _aRELIGION
942 _hQ4, J51
_cTEXL
_2cc
999 _c1033642
_d1033642